Tribunal de Contas : (Record no. 1467)

MARC details
000 -LÍDER
Campo Fixo de Controle 00607nam a2200193 a 4500
001 - NÚMERO DE CONTROLE
Campo de Controle 1467
003 - IDENTIFICAÇÃO DO NÚMERO DE CONTROLE
Campo de Controle BR-CuiBMT
005 - DATA E HORA DA ÚLTIMA ATUALIZAÇÃO
Campo de Controle 20231211201713.0
008 - DADOS FIXOS
Dados Fixos 231211s2017 alba 000 0 por d
040 ## - AGÊNCIA CATALOGADORA
Código da Agência Catalogadora BR-CuiBMT
Agência que transcreveu o registro BR-CuiBMT
080 ## - Nº DA CLASSIFICAÇÃO DECIMAL UNIVERSAL
Nº edição CDU 2007
Nº Class. CDU 347.991
Subd. Auxiliar Comum (813.5)
090 ## - NÚMERO DE CHAMADA
Nº classificação 347.991(813.5)
Cutter T822t
110 1# - ENTRADA PRINCIPAL -- ENTIDADE
Nome da entidade ou lugar Tribunal de Contas de Alagoas
245 10 - TÍTULO PRINCIPAL
Título principal Tribunal de Contas :
Subtítulo 70 anos de história : 1947-2017 /
Indicação de responsabilidade Tribunal de Contas de Alagoas.
260 ## - PUBLICAÇÃO, DISTRIBUIÇÃO, ETC.
Local de publicação Maceió :
Editora TCE/AL,
Data [2017?]
300 ## - DESCRIÇÃO FÍSICA
N. páginas ou volumes 77 p. :
Ilustrações il. color. ;
Dimensões 29 cm
650 ## - ASSUNTO TÓPICO
Cabeçalho tópico ou nome geográfico Tribunal de Contas
Subdivisão de forma história
Subdivisão geográfica Alagoas
942 ## - ELEMENTOS DE ENTRADA ADICIONAIS (KOHA)
Fonte de classificação ou esquema de arquivamento Classificação Decimal Universal
Tipo de item do Koha Livros
Holdings
Estado: removido Estado: perdido Fonte de classificação ou esquema de arquivamento Estado: danificado Indisponível para empréstimo Localização permanente Localização atual Data de aquisição Total Checkouts Número de Chamada completo Código de barras Date last seen Número do exemplar Preço efetivo a partir de Tipo de item (Koha)
    Classificação Decimal Universal     Biblioteca da Escola Superior de Contas do TCE/MT Biblioteca da Escola Superior de Contas do TCE/MT 11/12/2023   347.991(813.5) T822t BIBTCEMT23120364 11/12/2023 Ex. 1 11/12/2023 Livros

Powered by Koha